Images of the world : (Record no. 14773)

MARC details
000 -LEADER
fixed length control field 01037nam a22002777a 4500
005 - DATE AND TIME OF LATEST TRANSACTION
control field 20080808145417.0
008 - FIXED-LENGTH DATA ELEMENTS--GENERAL INFORMATION
fixed length control field 080808t xxu||||| |||| 00| 0 eng d
010 ## - LCCN (DPL NO)
LC control number ENG-90692
020 ## - INTERNATIONAL STANDARD BOOK NUMBER
International Standard Book Number 0195698347
Terms of availability 345.00
035 ## - SYSTEM CONTROL NUMBER
System control number EN-74225
037 ## - SOURCE OF ACQUISITION
Source of stock number/acquisition DBAD / PUB
040 ## - CATALOGING SOURCE
Original cataloging agency DPL
Language of cataloging ENGLISH
082 ## - DEWEY DECIMAL CLASSIFICATION NUMBER
Classification number 306.6
100 ## - MAIN ENTRY--PERSONAL NAME
Personal name Madan, T.N.
245 ## - TITLE STATEMENT
Title Images of the world :
Statement of responsibility, etc by T.N. Madan
Remainder of title essays on religion, secularism, and culture /
260 ## - PUBLICATION, DISTRIBUTION, ETC. (IMPRINT)
Place of publication, distribution, etc New Delhi
Name of publisher, distributor, etc Oxford University Press
Date of publication, distribution, etc 2008
300 ## - PHYSICAL DESCRIPTION
Extent xii, 398 p.
Dimensions 22 cm.(pbk)
500 ## - GENERAL NOTE
General note Includes bibliographical references and index.
520 ## - SUMMARY, ETC.
Summary, etc With special reference to India.
650 ## - SUBJECT ADDED ENTRY--TOPICAL TERM
Topical term or geographic name as entry element Religion and politics
Geographic subdivision India
650 ## - SUBJECT ADDED ENTRY--TOPICAL TERM
Topical term or geographic name as entry element Religion and culture
Geographic subdivision India
650 ## - SUBJECT ADDED ENTRY--TOPICAL TERM
Topical term or geographic name as entry element Religion and sociology
Geographic subdivision India
650 ## - SUBJECT ADDED ENTRY--TOPICAL TERM
Topical term or geographic name as entry element Secularism
Geographic subdivision India
942 ## - ADDED ENTRY ELEMENTS (KOHA)
Source of classification or shelving scheme Dewey Decimal Classification
Item type English Books
Classification part 306.6
Call number suffix MAD
Holdings
Withdrawn status Lost status Source of classification or shelving scheme Damaged status Not for loan Collection code Home library Current library Date acquired Source of acquisition Cost, normal purchase price Total Checkouts Full call number Barcode Date last seen Cost, replacement price Koha item type
    Dewey Decimal Classification   Not For Loan Non-fiction D.B.Act.Division D.B.Act.Division 08/08/2008 DBAD / PUB 345.00   306.6 MAD EN-74225 15/09/2008 345.00 English Books

© Delhi Public Library
Hit Counter
free hit counter